interwar social change - Statistics

General Stats
  • This quiz has been taken 47 times
    40 since last reset
  • The average score is 20 of 51
Answer Stats
Hint Answer % Correct
New form of music called ____,its a mixture of western harmonies and African rhythms. jazz
81%
New _____ help post war changes technology
75%
Many Americans favored _____, a constitutional amendment would follow in 1919 that would ban alcohol Prohibition
63%
More ____ worked outside the home and more careers opened up for them women
63%
the _____ became known as the jazz age 1920
56%
the 18th amendment banning the sale of alcohol was repealed in ____ 1933
56%
women who embarrassed jazz and new freedoms, they became a symbol of rebellion flappers
56%
She discovered that atoms from certain elements release charged particles Marie Curie
56%
theory of relativity, measure of time and space are not absolute Albert Einstein
50%
people who sold alcohol illegally were called bootleggers
50%
Great Gatsby author F. Scott Fitzgerald
50%
this form of art focused on lines and color rather than recognizable subjects abstract
44%
Under U.S. President ____ _____ policies of nonintervention, the economy did not improve. Herbert hoover
44%
These new technology's help attribute to ____ ____ and consumerism mass culture
44%
he creates The ____ ____ new deal
44%
_____ Ireland remained under British rule. northern
44%
Alexander Fleming discovers this antibiotic that's used to combat many disease Penicillin
44%
This man used psychanalysis to study the mind and change the perception about it Sigmund Freud
44%
places where alcohol was sold illegally speakeasies
44%
The upper and middle classes backed the _____ ____which held power during most the 1920s. Conservative party
38%
this form of art sought to upset traditional conventions by using shocking images Dadaism
38%
a rising Christian _____ movement supported traditional ideas about the bible fundamentalist
38%
Over three million workers took part in a massive ____ ____ in 1926. General Strike
38%
Built the ____________ to protect its northern borders Maginot Line
38%
Scientific discoveries were massive in this area radioactivity
38%
Americans’ fear of radicals and Bolsheviks set off a “____________” in 1919. red scare
38%
The ________________ crashed wiping out fortunes of many investors stock market
38%
Joyce and Woolf were both writers who experimented with this type of writing Stream of consciousness
38%
They began to reject the rules and morals of this age Victorian
38%
A series of quickly changing ______ governments held power. coalition
31%
Countries pursued _____________. The United States, Britain, France, and Japan signed treaties promising to reduce the size of their navies disarmament
31%
young people were ______ by the war disillusioned
31%
In 1932, Americans elected a new president, _________________ FDR
31%
The _____________ spread around the world to Latin America, Africa, and Asia. Great Depression
31%
African american writers of the ____ _____ expressed pride in their cultures Harlem Renaissance
31%
members of the _____ ____ _____began a guerrilla war against British forces. Irish Republican Army
31%
the man who was convicted of breaking Tennessee law. He taught about Darwin's theory and evolution which was illegal at the time John T. Scopes
31%
The ___________________worked to promote peace, but it had no way to enforce its policies. League of Nations
31%
authors who portrayed the modern world as spiritually barren Lost generation
31%
Some European nations turned to _______ leaders who promised to restore order and prosperity. authoritarian
25%
Discovered nuclear fission creates huge bursts of energy Enrico Fermi
25%
Parliament failed to grant ____ in 1919 to Ireland home rule
25%
In Britian ____ gained support among workers by promoting a gradual move toward socialism. Labor party
25%
The discoveries of nuclear energy would lead to _____ _____ nuclear weapons
25%
In 1929, ____________ of goods and a crisis in finances in the United States led to a world economic collapse. overproduction
25%
_____ brought down the government in France. Strikes
25%
this form of art attempted to portray the inner ( literally all the notes say) surrealism
25%
Attempts by the _____________to maintain stability in the stock market failed. Federal Reserve
19%
Almost every independent nation signed the _________________renouncing war. However, it included no way to enforce the ban. Kellogg-Briand Pact
19%
Parliament then passed laws _____ workers’ power to strike. limiting
19%
Germany’s economy was failing under its crushing _______ reoperations
13%
No matching quizzes found
Score Distribution
Percent of People with Each Score
Percentile by Number Answered
Your Score History
You have not taken this quiz since the last reset